000 00649na a2200241 4500
001 24581
003 MIRAKIL
005 20190109120943.0
008 181212b tu 000 0
020 _a9755331360
041 _atur
082 _a344.046
_bK21ç 1996
090 _a344.046 K21ç 1996
100 _aKaboğlu, İbrahim Ö.
245 _aÇevre hakkı
_cİbrahim Ö. Kaboğlu
250 _agözd. gçrl. ve gnşl. 3. bs.
260 _aİstanbul
_bİmge Kitabevi
_c1996
_fZirve Ofset
300 _a168 s.
_c20 sm.
504 _aDizin var.
650 _aÇevre hukuku
650 _aHukuk ve mevzuat
_xTürkiye
942 _2ddc
_cBKS
999 _c12527
_d12527